00450nam a2200169Ia 450000500170000000800410001702000180005804100080007608200150008410000150009924500510011426000340016530000090019950000290020865000280023770000150026520251118160940.0230125s9999 xx 000 0 und d a81-223-0635-7 aeng a158.1bSHA aSharma V K aThe art of readings and postures body language c2001bPustak MahalaNew Delhi a119p aPersonality Development, aPersonality Development aSharma V K